[Event "ODJM A 2023"]
[Site "Willingen GER"]
[Date "2023.06.03"]
[Round "9"]
[White "Andresen, Marc"]
[Black "Schwarz, David"]
[Result "1/2-1/2"]
[Termination "normal"]
[Board "29"]
[WhiteElo "1748"]
[BlackElo "1431"]
[WhiteClock "00:20:33"]
[BlackClock "00:01:06"]
[PlyCount "80"]
[WhiteFideId "16233719"]
[BlackFideId "16287614"]
[EventCountry "GER"]
[EventRounds "9"]
[EventType "swiss"]
[EventDate "2023.05.27"]

1. Nf3 {[%clk 01:30:57]} {[%emt 00:00:02]} d5 {[%clk 01:30:57]} {[%emt
00:00:04]} 2. c4 {[%clk 01:31:21]} {[%emt 00:00:06]} d4 {[%clk 01:31:24]}
{[%emt 00:00:03]} 3. b4 {[%clk 01:31:46]} {[%emt 00:00:05]} g5 {[%clk
01:31:50]} {[%emt 00:00:03]} 4. Bb2 {[%clk 01:28:37]} {[%emt 00:03:39]} Bg7
{[%clk 01:30:39]} {[%emt 00:01:41]} 5. e3 {[%clk 01:26:54]} {[%emt 00:02:13]}
c5 {[%clk 01:18:09]} {[%emt 00:13:01]} 6. bxc5 {[%clk 01:20:59]} {[%emt
00:06:25]} Nc6 {[%clk 01:17:40]} {[%emt 00:00:58]} 7. Nxg5 {[%clk 01:14:38]}
{[%emt 00:06:51]} Nf6 {[%clk 01:10:44]} {[%emt 00:07:27]} 8. d3 {[%clk
01:01:26]} {[%emt 00:13:41]} Qa5+ {[%clk 01:04:53]} {[%emt 00:06:21]} 9. Nd2
{[%clk 00:57:30]} {[%emt 00:04:26]} Ng4 {[%clk 00:57:07]} {[%emt 00:08:14]} 10.
e4 {[%clk 00:53:58]} {[%emt 00:04:03]} f5 {[%clk 00:44:42]} {[%emt 00:12:56]}
11. h3 {[%clk 00:49:13]} {[%emt 00:05:14]} Nf6 {[%clk 00:42:02]} {[%emt
00:03:10]} 12. e5 {[%clk 00:49:22]} {[%emt 00:00:22]} Nxe5 {[%clk 00:38:44]}
{[%emt 00:03:47]} 13. Bxd4 {[%clk 00:49:46]} {[%emt 00:00:05]} Ng6 {[%clk
00:38:21]} {[%emt 00:00:54]} 14. Qc2 {[%clk 00:46:33]} {[%emt 00:03:44]} e5
{[%clk 00:35:55]} {[%emt 00:02:56]} 15. Bc3 {[%clk 00:45:33]} {[%emt 00:01:29]}
Qxc5 {[%emt 00:00:09]} 16. Be2 {[%clk 00:44:59]} {[%emt 00:01:04]} O-O {[%clk
00:32:11]} {[%emt 00:04:35]} 17. Rb1 {[%clk 00:45:01]} {[%emt 00:00:28]} Re8
{[%clk 00:24:34]} {[%emt 00:08:08]} 18. O-O {[%clk 00:37:37]} {[%emt 00:07:53]}
b6 {[%clk 00:21:02]} {[%emt 00:04:02]} 19. Bb4 {[%clk 00:35:40]} {[%emt
00:02:26]} Qc7 {[%clk 00:21:13]} {[%emt 00:00:19]} 20. Bf3 {[%clk 00:36:04]}
{[%emt 00:00:06]} Rb8 {[%clk 00:21:18]} {[%emt 00:00:25]} 21. Qb3 {[%clk
00:34:24]} {[%emt 00:02:10]} Bh6 {[%clk 00:19:33]} {[%emt 00:02:14]} 22. c5+
{[%clk 00:26:14]} {[%emt 00:08:40]} Kg7 {[%clk 00:18:25]} {[%emt 00:01:38]} 23.
cxb6 {[%clk 00:26:39]} {[%emt 00:00:05]} Rxb6 {[%clk 00:18:14]} {[%emt
00:00:42]} 24. Nc4 {[%clk 00:19:53]} {[%emt 00:07:15]} Ra6 {[%clk 00:14:10]}
{[%emt 00:04:34]} 25. Bd2 {[%clk 00:19:28]} {[%emt 00:00:55]} Nf4 {[%clk
00:10:04]} {[%emt 00:04:35]} 26. Bxf4 {[%clk 00:19:14]} {[%emt 00:00:44]} exf4
{[%clk 00:10:25]} {[%emt 00:00:09]} 27. Bb7 {[%clk 00:19:41]} {[%emt 00:00:04]}
Bxg5 {[%clk 00:10:05]} {[%emt 00:00:50]} 28. Bxa6 {[%clk 00:20:03]} {[%emt
00:00:08]} Bxa6 {[%clk 00:10:31]} {[%emt 00:00:04]} 29. Qa4 {[%clk 00:19:51]}
{[%emt 00:00:42]} Bxc4 {[%clk 00:09:00]} {[%emt 00:02:01]} 30. Qxc4 {[%clk
00:20:02]} {[%emt 00:00:19]} Qxc4 {[%clk 00:07:59]} {[%emt 00:01:32]} 31. dxc4
{[%clk 00:20:29]} {[%emt 00:00:02]} Ne4 {[%clk 00:08:23]} {[%emt 00:00:05]} 32.
Rb7+ {[%clk 00:20:28]} {[%emt 00:00:32]} Re7 {[%clk 00:08:49]} {[%emt
00:00:04]} 33. Rxe7+ {[%clk 00:20:52]} {[%emt 00:00:05]} Bxe7 {[%clk 00:09:13]}
{[%emt 00:00:05]} 34. f3 {[%clk 00:20:42]} {[%emt 00:00:40]} Bc5+ {[%clk
00:08:48]} {[%emt 00:00:56]} 35. Kh2 {[%clk 00:21:01]} {[%emt 00:00:11]} Ng3
{[%clk 00:07:18]} {[%emt 00:02:00]} 36. Rd1 {[%clk 00:21:00]} {[%emt 00:00:30]}
Kf6 {[%clk 00:06:45]} {[%emt 00:01:03]} 37. Rd5 {[%clk 00:20:24]} {[%emt
00:01:07]} Be3 {[%clk 00:05:22]} {[%emt 00:01:53]} 38. Ra5 {[%clk 00:19:43]}
{[%emt 00:01:11]} Nf1+ {[%clk 00:01:32]} {[%emt 00:04:20]} 39. Kh1 {[%clk
00:20:06]} {[%emt 00:00:07]} Ng3+ {[%clk 00:01:59]} {[%emt 00:00:03]} 40. Kh2
{[%clk 00:20:33]} {[%emt 00:00:02]} Nf1+ {[%clk 00:01:06]} 1/2-1/2

[Event "ODJM A 2023"]
[Site "Willingen GER"]
[Date "2023.06.03"]
[Round "9"]
[White "Möller, Tom"]
[Black "Hahn, Peter"]
[Result "1-0"]
[Termination "normal"]
[Board "30"]
[WhiteElo "1417"]
[BlackElo "1814"]
[WhiteClock "00:43:43"]
[BlackClock "00:37:40"]
[PlyCount "65"]
[WhiteFideId "16287215"]
[BlackFideId "34627316"]
[EventCountry "GER"]
[EventRounds "9"]
[EventType "swiss"]
[EventDate "2023.05.27"]

1. d4 {[%clk 01:30:58]} {[%emt 00:00:01]} Nf6 {[%clk 01:30:55]} {[%emt
00:00:05]} 2. Nc3 {[%clk 01:31:23]} {[%emt 00:00:05]} d5 {[%clk 01:31:05]}
{[%emt 00:00:20]} 3. Bf4 {[%clk 01:31:48]} {[%emt 00:00:04]} c6 {[%clk
01:30:48]} {[%emt 00:00:47]} 4. e3 {[%clk 01:32:12]} {[%emt 00:00:06]} Bf5
{[%clk 01:30:54]} {[%emt 00:00:24]} 5. f3 {[%clk 01:32:36]} {[%emt 00:00:06]}
e6 {[%clk 01:30:53]} {[%emt 00:00:31]} 6. g4 {[%clk 01:32:58]} {[%emt
00:00:08]} Bg6 {[%clk 01:31:16]} {[%emt 00:00:07]} 7. h4 {[%clk 01:33:23]}
{[%emt 00:00:04]} h5 {[%clk 01:31:28]} {[%emt 00:00:17]} 8. g5 {[%clk
01:33:44]} {[%emt 00:00:09]} Nfd7 {[%clk 01:31:52]} {[%emt 00:00:07]} 9. Bd3
{[%clk 01:33:30]} {[%emt 00:00:43]} Bxd3 {[%clk 01:32:03]} {[%emt 00:00:20]}
10. Qxd3 {[%clk 01:33:53]} {[%emt 00:00:07]} Nb6 {[%clk 01:26:26]} {[%emt
00:06:07]} 11. O-O-O {[%clk 01:30:07]} {[%emt 00:04:16]} Nc4 {[%clk 01:25:17]}
{[%emt 00:01:39]} 12. Re1 {[%clk 01:22:59]} {[%emt 00:07:37]} Qb6 {[%clk
01:09:24]} {[%emt 00:16:24]} 13. b3 {[%clk 01:21:16]} {[%emt 00:02:13]} Ba3+
{[%clk 01:09:45]} {[%emt 00:00:09]} 14. Kb1 {[%clk 01:21:38]} {[%emt 00:00:08]}
Bb4 {[%clk 01:08:56]} {[%emt 00:01:19]} 15. g6 {[%clk 01:18:13]} {[%emt
00:03:54]} O-O {[%clk 01:06:22]} {[%emt 00:03:04]} 16. Nge2 {[%clk 01:11:02]}
{[%emt 00:07:41]} f6 {[%clk 01:05:07]} {[%emt 00:01:46]} 17. e4 {[%clk
01:04:05]} {[%emt 00:07:27]} Nd7 {[%clk 01:03:35]} {[%emt 00:02:01]} 18. exd5
{[%clk 00:59:44]} {[%emt 00:04:51]} cxd5 {[%clk 01:03:59]} {[%emt 00:00:07]}
19. Nxd5 {[%clk 00:49:35]} {[%emt 00:10:39]} exd5 {[%clk 01:02:30]} {[%emt
00:01:59]} 20. Qf5 {[%clk 00:48:11]} {[%emt 00:01:54]} Na3+ {[%clk 01:01:16]}
{[%emt 00:01:44]} 21. Ka1 {[%clk 00:46:52]} {[%emt 00:01:49]} Qa5 {[%clk
00:58:36]} {[%emt 00:03:10]} 22. Kb2 {[%clk 00:46:07]} {[%emt 00:01:15]} Rfc8
{[%clk 00:57:31]} {[%emt 00:01:35]} 23. c4 {[%clk 00:43:38]} {[%emt 00:03:00]}
dxc4 {[%clk 00:51:04]} {[%emt 00:06:57]} 24. Qxd7 {[%clk 00:43:59]} {[%emt
00:00:09]} Bxe1 {[%clk 00:48:51]} {[%emt 00:02:43]} 25. Rxe1 {[%clk 00:43:26]}
{[%emt 00:01:03]} c3+ {[%clk 00:41:52]} {[%emt 00:07:29]} 26. Kc1 {[%clk
00:42:59]} {[%emt 00:00:57]} c2 {[%clk 00:40:40]} {[%emt 00:01:43]} 27. Bd2
{[%clk 00:42:53]} {[%emt 00:00:35]} Qc7 {[%clk 00:38:09]} {[%emt 00:03:01]} 28.
Qd5+ {[%clk 00:42:56]} {[%emt 00:00:27]} Kh8 {[%clk 00:36:51]} {[%emt
00:01:49]} 29. Qxh5+ {[%clk 00:42:39]} {[%emt 00:00:48]} Kg8 {[%clk 00:37:16]}
{[%emt 00:00:04]} 30. Qh7+ {[%clk 00:42:33]} {[%emt 00:00:34]} Kf8 {[%clk
00:37:20]} {[%emt 00:00:27]} 31. Bb4+ {[%clk 00:42:53]} {[%emt 00:00:10]} Ke8
{[%clk 00:37:21]} {[%emt 00:00:30]} 32. Qg8+ {[%clk 00:43:18]} {[%emt
00:00:04]} Kd7 {[%clk 00:37:40]} {[%emt 00:00:11]} 33. Qd5+ {[%clk 00:43:43]}
{[%emt 00:00:04]} 1-0

[Event "ODJM A 2023"]
[Site "Willingen GER"]
[Date "2023.06.03"]
[Round "9"]
[White "Stiller, Maximilian"]
[Black "Abou Wally, Adrian"]
[Result "1-0"]
[Termination "normal"]
[Board "31"]
[WhiteElo "1657"]
[BlackElo "1753"]
[WhiteClock "00:42:06"]
[BlackClock "00:25:27"]
[PlyCount "59"]
[WhiteFideId "16254465"]
[BlackFideId "16245113"]
[EventCountry "GER"]
[EventRounds "9"]
[EventType "swiss"]
[EventDate "2023.05.27"]

1. Nf3 {[%clk 01:30:57]} {[%emt 00:00:02]} Nf6 {[%clk 01:30:54]} {[%emt
00:00:07]} 2. d4 {[%clk 01:31:20]} {[%emt 00:00:06]} g6 {[%clk 01:31:18]}
{[%emt 00:00:05]} 3. Nc3 {[%clk 01:31:44]} {[%emt 00:00:06]} Bg7 {[%clk
01:31:37]} {[%emt 00:00:12]} 4. e4 {[%clk 01:32:07]} {[%emt 00:00:07]} d6
{[%clk 01:32:02]} {[%emt 00:00:05]} 5. Be3 {[%clk 01:32:18]} {[%emt 00:00:18]}
Nbd7 {[%clk 01:32:06]} {[%emt 00:00:27]} 6. Qd2 {[%clk 01:32:28]} {[%emt
00:00:19]} O-O {[%clk 01:23:39]} {[%emt 00:08:57]} 7. O-O-O {[%clk 01:32:47]}
{[%emt 00:00:10]} c6 {[%clk 01:21:12]} {[%emt 00:02:59]} 8. Bh6 {[%clk
01:32:43]} {[%emt 00:00:33]} b5 {[%clk 01:21:19]} {[%emt 00:00:24]} 9. Bd3
{[%clk 01:32:24]} {[%emt 00:00:49]} b4 {[%clk 01:08:33]} {[%emt 00:13:17]} 10.
Ne2 {[%clk 01:29:08]} {[%emt 00:03:45]} c5 {[%clk 01:08:20]} {[%emt 00:00:43]}
11. Bxg7 {[%clk 01:23:15]} {[%emt 00:06:23]} Kxg7 {[%clk 01:08:42]} {[%emt
00:00:08]} 12. e5 {[%clk 01:23:13]} {[%emt 00:00:32]} Ng4 {[%clk 01:03:05]}
{[%emt 00:06:08]} 13. Ng3 {[%clk 01:19:55]} {[%emt 00:03:46]} Qa5 {[%clk
00:52:50]} {[%emt 00:10:46]} 14. Kb1 {[%clk 01:16:56]} {[%emt 00:03:29]} dxe5
{[%clk 00:50:55]} {[%emt 00:02:26]} 15. h3 {[%clk 01:16:35]} {[%emt 00:00:50]}
Ngf6 {[%clk 00:49:07]} {[%emt 00:02:17]} 16. dxe5 {[%clk 01:16:18]} {[%emt
00:00:48]} Nd5 {[%clk 00:48:37]} {[%emt 00:01:00]} 17. Nh5+ {[%clk 01:04:12]}
{[%emt 00:12:27]} gxh5 {[%clk 00:38:46]} {[%emt 00:10:29]} 18. Qg5+ {[%clk
01:04:24]} {[%emt 00:00:18]} Kh8 {[%clk 00:39:12]} {[%emt 00:00:05]} 19. Qxh5
{[%clk 01:03:52]} {[%emt 00:01:02]} f5 {[%clk 00:38:43]} {[%emt 00:00:59]} 20.
Ng5 {[%clk 01:02:55]} {[%emt 00:01:26]} N7f6 {[%clk 00:38:45]} {[%emt
00:00:28]} 21. exf6 {[%clk 01:02:51]} {[%emt 00:00:32]} Nxf6 {[%clk 00:39:11]}
{[%emt 00:00:05]} 22. Qh6 {[%clk 01:00:29]} {[%emt 00:02:51]} Ba6 {[%clk
00:34:32]} {[%emt 00:05:10]} 23. Bxf5 {[%clk 00:55:41]} {[%emt 00:05:18]} Bc4
{[%clk 00:34:30]} {[%emt 00:00:33]} 24. b3 {[%clk 00:55:55]} {[%emt 00:00:15]}
Bg8 {[%clk 00:34:49]} {[%emt 00:00:09]} 25. Rhe1 {[%clk 00:53:09]} {[%emt
00:03:17]} Rad8 {[%clk 00:33:39]} {[%emt 00:01:41]} 26. Be6 {[%clk 00:46:03]}
{[%emt 00:07:36]} Rxd1+ {[%clk 00:31:00]} {[%emt 00:03:09]} 27. Rxd1 {[%clk
00:45:58]} {[%emt 00:00:35]} Rd8 {[%clk 00:31:03]} {[%emt 00:00:27]} 28. Re1
{[%clk 00:42:31]} {[%emt 00:03:56]} c4 {[%clk 00:25:17]} {[%emt 00:06:17]} 29.
Bxg8 {[%clk 00:42:29]} {[%emt 00:00:32]} Kxg8 {[%clk 00:25:27]} {[%emt
00:00:20]} 30. Ne6 {[%clk 00:42:06]} {[%emt 00:00:51]} 1-0